书目信息 |
| 题名: |
越南人民抗法八十年史
|
|
| 作者: | 陈辉燎 著 ;北京大学东语系越南语专业 译 | |
| 分册: | 第二卷 从第二次世界大战爆发(1939年)到八月总正义(1945年) | |
| 出版信息: | 上海 三联书店 1960.01 |
|
| 页数: | 381页 | |
| 开本: | 20cm | |
| 丛书名: | ||
| 单 册: | ||
| 中图分类: | K333.4 | |
| 科图分类: | ||
| 主题词: | 东南亚--历史 | |
| 电子资源: | ||
| ISBN: | ||
| 000 | 00990nam0 2200253 45 | |
| 001 | 0212160966 | |
| 005 | 20031219104102.3 | |
| 010 | @dCNY1.65 | |
| 091 | @a11002.402 | |
| 100 | @a20021216d1960 km y0chiy0120 ea | |
| 101 | 0 | @achi |
| 105 | @a z 000yy | |
| 200 | 1 | @a越南人民抗法八十年史@AYue Nan Ren Min Kang Fa Ba Shi Nian Shi@h第二卷@h下册@i从第二次世界大战爆发(1939年)到八月总正义(1945年)@f(越)陈辉燎著@F(Yue)Chen Hui Liao Zhu@g北京大学东语系越南语专业译 |
| 210 | @a上海@c三联书店@d1960.01 | |
| 215 | @a381页@d20cm | |
| 300 | @a内部读物 | |
| 300 | @a根据越南文史地研究委员会河内1956年版译出 | |
| 517 | @a从第二次世界大战爆发(1939年)到八月总正义(1945年)@ACong Di Er Ci Shi Jie Da Zhan Bao Fa(1939 Nian)Dao Ba Yue Zong Zheng Yi(1945 Nian) | |
| 606 | 0 | @a东南亚@x历史 |
| 690 | @aK333.4@v3 | |
| 701 | 0 | @a陈辉燎@4著 |
| 712 | 02 | @a北京大学东语系越南语专业@ABei Jing Da Xue Dong Yu Xi Yue Nan Yu Zhuan Ye@4译 |
| 801 | @aCN@bTSTC@c20021216 | |
| 905 | @dK333.4@e3:2(2)@f1@b219252 | |
| 越南人民抗法八十年史.第二卷.下册.从第二次世界大战爆发(1939年)到八月总正义(1945年)/(越)陈辉燎著/北京大学东语系越南语专业译.-上海:三联书店,1960.01 |
| 381页;20cm |
| 内部读物.-根据越南文史地研究委员会河内1956年版译出 |
| ISBN :CNY1.65 |
| ● |
| 相关链接 |
|
|
|
|
正题名:越南人民抗法八十年史
索取号:K333.4/3:2(2)
 
预约/预借
| 序号 | 登录号 | 条形码 | 馆藏地/架位号 | 状态 | 备注 |
| 1 | 0219252 | 001736982 | 第二样本阅览室/ [索取号:K333.4/3:2(2)] | 在馆 |